000 01026nam a22002177a 4500
999 _c59521
_d59521
003 Ge_BSU
005 20230309103634.0
008 230309s1998 ge ||||| |||| 00| 0 geo d
020 _a9992822007
041 _ageo
080 _a343 ნ-38
100 _aნაჭყებია, გურამ
_9219
245 _aსისხლის სამართლის მეცნიერების საგანი /
_cგურამ ნაჭყებია; [რედ.: გოჩა მამულაშვილი].
264 _aთბილისი :
_bმერიდიანი,
_c1998.
300 _a230გვ. ;
_b20სმ.
504 _aბიბლიოგრ. ტექსტის შენიშვნ. ბიბლიოგრ.: გვ. 217-228.
520 _aრეზ. რუს. და გერმ. ენ.
653 _aსისხლის სამართალი
700 _aმამულაშვილი, გოჩა
_eრედაქტორი
_95362
942 _2udc
_cBK